| 000 | 00690 a2200181 4500 | ||
|---|---|---|---|
| 999 |
_c5974 _d5974 |
||
| 020 | _a9780273715450 | ||
| 050 | 0 | 0 | _aQD33.2 HOU 2010 |
| 100 | 1 |
_aHousecroft, Catherine E., _eauthor |
|
| 245 | 1 | 0 |
_aChemistry : _ban introduction to organic, inorganic, and physical chemistry / _cCatherine E. Housecroft, Edwin C. Constable. |
| 250 | _a4th ed. | ||
| 264 |
_aHarlow: _bPerason, _c2010 |
||
| 300 |
_a 1517 p. : _bill. (some col.) ; |
||
| 500 | _aIncludes index. | ||
| 650 | 0 | _aChemistry. | |
| 700 | 1 | _aConstable, Edwin C. | |
| 942 |
_2lcc _cBK _e4th _h33.2 _iHOU _kQD |
||